000 00701nam a22002417a 4500
003 UA-OsUOA
001 47982
007 ta
008 20121112b un ||||| |||| 00| 0 ukr d
100 _aСергійчук В.
090 _a929.6
_bС32
942 _cBK
040 _aUA-OsUOA
_bukr
_cUA-OsUOA
_dUA-OsUOA
245 _aСимволіка суверенності - синьо-жовта
300 _a78 с.
955 _a4
041 _aukr
080 _a929.6
260 _aК.
_c1993
650 7 _a9 Географія. Біографії. Історія
_2UDC
999 _c428086
_d428086